[Event "Amplico ch-EUR Rapid"]
[Site "Warsaw POL"]
[Date "2012.12.15"]
[Round "1.2"]
[White "Shirov, Alexei"]
[Black "Kaska, Wladyslaw"]
[Result "1-0"]
[WhiteTitle "GM"]
[WhiteElo "2708"]
[BlackElo "1804"]
[WhiteFideId "2209390"]
[BlackFideId "1132393"]
[EventDate "2012.12.15"]

1. d4 d5 2. c4 e6 3. Nc3 Nf6 4. cxd5 Nxd5 5. e4 Nxc3 6. bxc3 c5 7. Nf3 Be7 8.
Bc4 O-O 9. O-O a6 10. a4 Nc6 11. Bb2 Qc7 12. Qe2 Rd8 13. Rfd1 b6 14. d5 exd5 15.
Bxd5 Bb7 16. c4 Rd6 17. Ne5 Bf6 18. Nxf7 Rxd5 19. exd5 Qxf7 20. dxc6 Bxc6 21.
Bxf6 Qxf6 22. f3 Re8 23. Qf2 h6 24. a5 Bb7 25. Rab1 Re6 26. Rxb6 Rxb6 27. axb6
Qxb6 28. h4 a5 29. Qg3 Bc6 30. Qg6 Qc7 31. Qd6 Qb7 32. h5 Ba4 33. Qe6+ Kh7 34.
Qg6+ 1-0

[Event "Amplico ch-EUR Rapid"]
[Site "Warsaw POL"]
[Date "2012.12.15"]
[Round "1.4"]
[White "Rublevsky, Sergei"]
[Black "Paulauskas, Andrius"]
[Result "1-0"]
[WhiteTitle "GM"]
[WhiteElo "2688"]
[BlackElo "1643"]
[WhiteFideId "4115309"]
[BlackFideId "12807346"]
[EventDate "2012.12.15"]

1. e4 e6 2. d4 d5 3. Nd2 Nf6 4. Bd3 c5 5. e5 Nfd7 6. c3 Nc6 7. Ne2 cxd4 8. cxd4
f6 9. Nf4 Nxd4 10. Qh5+ Ke7 11. Ng6+ hxg6 12. exf6+ Nxf6 13. Qxh8 e5 14. Nf3
Nxf3+ 15. gxf3 e4 16. fxe4 dxe4 17. Be2 Kf7 18. Bc4+ Be6 19. Bxe6+ Kxe6 20. Qh3+
Kf7 21. Qb3+ Qd5 22. Qxd5+ Nxd5 23. Bd2 Bd6 24. O-O-O Rd8 25. Rhe1 Nf4 26. Rxe4
g5 27. Be3 b6 28. Kb1 Ne6 29. h3 Be7 30. Rxd8 Bxd8 31. Kc2 Bf6 32. Ra4 1-0

[Event "Amplico ch-EUR Rapid"]
[Site "Warsaw POL"]
[Date "2012.12.15"]
[Round "1.7"]
[White "Barsciauskas, Gintautas"]
[Black "Riazantsev, Alexander"]
[Result "0-1"]
[BlackTitle "GM"]
[WhiteElo "1798"]
[BlackElo "2705"]
[WhiteFideId "12802590"]
[BlackFideId "4125029"]
[EventDate "2012.12.15"]

1. e4 d5 2. d3 c6 3. Be2 e5 4. Nf3 Bd6 5. c3 Nf6 6. Bg5 h6 7. Bd2 dxe4 8. dxe4
Nxe4 9. Be3 O-O 10. O-O Qe7 11. Nbd2 Nxd2 12. Qxd2 Bf5 13. Rad1 Bc7 14. Ne1 Nd7
15. Bd3 e4 16. Bc2 Ne5 17. f3 Nc4 18. Qf2 Nxe3 19. Qxe3 Bb6 0-1

[Event "Amplico ch-EUR Rapid"]
[Site "Warsaw POL"]
[Date "2012.12.15"]
[Round "1.8"]
[White "Edouard, Romain"]
[Black "Lewtak, Dominik"]
[Result "1-0"]
[WhiteTitle "GM"]
[WhiteElo "2686"]
[BlackElo "1799"]
[WhiteFideId "633429"]
[BlackFideId "1112570"]
[EventDate "2012.12.15"]

1. d4 Nf6 2. c4 e6 3. Nc3 Bb4 4. e3 b6 5. Bd3 Bb7 6. Nf3 O-O 7. O-O d5 8. cxd5
exd5 9. Ne5 Nbd7 10. f4 Bxc3 11. bxc3 Ne4 12. c4 h6 13. Qc2 Ndf6 14. c5 bxc5 15.
dxc5 Qc8 16. c6 Ba6 17. Ba3 Re8 18. Rab1 Bxd3 19. Qxd3 Qf5 20. Rb7 Rec8 21. Be7
Qe6 22. Ba3 Ne8 23. Rc1 N8d6 24. Rd1 Nc4 25. Nxc4 dxc4 26. Qd7 Rd8 27. Qxd8+
Rxd8 28. Rxd8+ Kh7 29. Rxc7 c3 30. Re7 Qxa2 31. Rxe4 Qxa3 32. c7 c2 33. c8=Q
c1=Q+ 34. Qxc1 Qxc1+ 35. Kf2 Qc2+ 36. Kf3 Qc6 37. f5 g6 38. g4 g5 39. Rd4 Qc1
40. Re7 Qh1+ 41. Ke2 Qxh2+ 42. Kd3 Kg7 43. Rdd7 Qg1 44. Rxf7+ Kg8 45. Rfe7 Qb1+
46. Kc4 Qc2+ 47. Kd5 Qb3+ 48. Ke4 Qb4+ 49. Kf3 Kf8 50. f6 Qb6 51. Rf7+ Kg8 52.
Rxa7 Qc6+ 53. Kf2 Qc2+ 54. Kg3 Qc6 55. Rfb7 Qd6+ 56. Kh3 Qd8 57. Rg7+ Kf8 58.
Rh7 Kg8 59. Rag7+ 1-0

[Event "Amplico ch-EUR Rapid"]
[Site "Warsaw POL"]
[Date "2012.12.15"]
[Round "1.9"]
[White "Gladysz, Jakub"]
[Black "Fridman, Daniel"]
[Result "0-1"]
[BlackTitle "GM"]
[WhiteElo "1798"]
[BlackElo "2667"]
[WhiteFideId "1114417"]
[BlackFideId "11600454"]
[EventDate "2012.12.15"]

1. d4 Nf6 2. c4 e6 3. Nf3 Bb4+ 4. Bd2 c5 5. e3 O-O 6. Bd3 b6 7. O-O Bb7 8. Bxb4
cxb4 9. Nbd2 a5 10. Rc1 d6 11. Qc2 h6 12. Ne4 Nc6 13. Rfd1 Rc8 14. Ng3 Re8 15.
h3 Qe7 16. Qe2 e5 17. Nf5 Qf8 18. d5 Nb8 19. e4 g6 20. Ne3 Na6 21. Bb1 Rc7 22.
Nd2 Bc8 23. Rf1 Nh5 24. Ng4 f5 25. Ne3 Nf4 26. Qf3 Nc5 27. Kh2 Rf7 28. Qd1 Qe7
29. f3 Qg5 30. Nb3 Nxh3 31. Nxf5 Nf4 32. Ne3 Nd7 33. Qe1 Nf6 34. Rh1 N6h5 35.
Nd2 Ref8 36. Kg1 Ng3 37. Rh2 Nfe2+ 38. Kf2 Nxc1 39. Qxc1 Nh5 40. Ndf1 Bg4 41.
Qd1 Bd7 42. Bc2 Rf4 43. a3 b3 44. Bd3 a4 45. Qd2 Rh4 46. Rxh4 Qxh4+ 47. Ke2 Nf4+
48. Kd1 Qh1 49. Ke1 h5 50. Kf2 h4 51. Bb1 h3 52. g3 Nh5 53. Qe2 h2 54. Ke1 Rxf3
55. Kd2 Nxg3 0-1

[Event "Amplico ch-EUR Rapid"]
[Site "Warsaw POL"]
[Date "2012.12.15"]
[Round "1.11"]
[White "Pothieux, Philippe"]
[Black "Sargissian, Gabriel"]
[Result "0-1"]
[BlackTitle "GM"]
[WhiteElo "1793"]
[BlackElo "2666"]
[WhiteFideId "20606036"]
[BlackFideId "13300881"]
[EventDate "2012.12.15"]

1. d4 Nf6 2. c4 e6 3. Nc3 Bb4 4. Bd2 O-O 5. Nf3 d5 6. e3 b6 7. a3 Bd6 8. Be2 Bb7
9. O-O dxc4 10. Bxc4 a6 11. Qe2 Nbd7 12. Rfd1 Qe7 13. Rac1 e5 14. dxe5 Nxe5 15.
Nxe5 Qxe5 16. g3 Qf5 17. Bd3 Qh3 18. Qf1 Qh5 19. Be2 Qf5 20. f3 b5 21. e4 Qe6
22. Qf2 Qb3 23. Bg5 Nd7 24. Bf1 Rfe8 25. Be3 Ne5 26. Nd5 Rad8 27. Rd2 Nc4 28.
Bxc4 bxc4 29. Rc3 Qb5 30. Qe2 Be5 31. Rxc4 Bxd5 32. exd5 Rxd5 33. Re4 Rxd2 34.
Qxd2 f5 35. Rb4 Qc6 36. Kg2 a5 37. Rb3 Qc4 38. Rd3 Bd6 39. b3 Qb5 40. a4 Qb4 41.
Qxb4 Bxb4 42. Kf2 Rb8 43. h3 g6 44. g4 fxg4 45. hxg4 c5 46. Bg5 Kf7 47. Rd7+ Ke6
48. Rxh7 Bc3 49. Rh6 Bd4+ 50. Kg3 Rxb3 51. Rxg6+ Kd5 52. Ra6 c4 53. Rxa5+ Kc6
54. Bf4 c3 55. g5 c2 56. g6 Be3 57. Bxe3 Rxe3 58. Rg5 Re7 0-1

[Event "Amplico ch-EUR Rapid"]
[Site "Warsaw POL"]
[Date "2012.12.15"]
[Round "1.12"]
[White "Ragger, Markus"]
[Black "Ferraris, Danilo"]
[Result "1-0"]
[WhiteTitle "GM"]
[WhiteElo "2655"]
[BlackElo "1788"]
[WhiteFideId "1610856"]
[BlackFideId "863610"]
[EventDate "2012.12.15"]

1. e4 c6 2. d4 d5 3. exd5 cxd5 4. c4 Nf6 5. Nc3 g6 6. Qb3 e6 7. Nf3 Bg7 8. Bg5
O-O 9. cxd5 exd5 10. Be2 b6 11. Bxf6 Bxf6 12. Qxd5 Qxd5 13. Nxd5 Nd7 14. Nxf6+
Nxf6 15. O-O Bb7 16. Rac1 Rac8 17. Ne5 Bd5 18. a3 h5 19. f3 Nh7 20. Kf2 Ng5 21.
Nd7 Rxc1 22. Rxc1 Rd8 23. Rc7 Be6 24. Bb5 a6 25. Bc6 b5 26. d5 Bf5 27. Ne5 f6
28. Nd7 Bxd7 29. Bxd7 Nf7 30. Be6 1-0

[Event "Amplico ch-EUR Rapid"]
[Site "Warsaw POL"]
[Date "2012.12.15"]
[Round "1.13"]
[White "Golubeva, Marija"]
[Black "Istratescu, Andrei"]
[Result "0-1"]
[BlackTitle "GM"]
[WhiteElo "1787"]
[BlackElo "2654"]
[WhiteFideId "11601582"]
[BlackFideId "1200372"]
[EventDate "2012.12.15"]

1. e4 e6 2. d4 d5 3. e5 c5 4. c3 Qb6 5. a3 c4 6. Nf3 Bd7 7. Nbd2 Nc6 8. Be2 Na5
9. O-O O-O-O 10. Rb1 f5 11. Re1 Nh6 12. Nf1 Nf7 13. Bd2 Be7 14. Ne3 g5 15. h3 h5
16. Nc2 g4 17. hxg4 hxg4 18. Nh2 Rh7 19. Bf4 Rdh8 20. Qd2 Nb3 21. Qe3 Bg5 22.
Bxg5 Rxh2 23. f4 Nxg5 24. fxg5 Qd8 25. Kf2 f4 0-1

[Event "Amplico ch-EUR Rapid"]
[Site "Warsaw POL"]
[Date "2012.12.15"]
[Round "1.14"]
[White "Petrosian, Tigran L."]
[Black "Gaizauskaite, Ginte"]
[Result "1-0"]
[WhiteTitle "GM"]
[WhiteElo "2648"]
[BlackElo "1706"]
[WhiteFideId "13301616"]
[BlackFideId "12807303"]
[EventDate "2012.12.15"]

1. e4 c5 2. Nc3 Nc6 3. f4 g6 4. Bb5 Bg7 5. Bxc6 dxc6 6. d3 e6 7. Nf3 Ne7 8. O-O
O-O 9. Qe1 Qc7 10. Qh4 b6 11. Bd2 Ba6 12. Rae1 Rfe8 13. b3 Rad8 14. e5 Nf5 15.
Qh3 Nd4 16. Nxd4 Rxd4 17. Ne4 Qe7 18. Bc3 Rd7 19. Re3 b5 20. Nf6+ Bxf6 21. exf6
Qf8 22. Qh4 Kh8 23. Rh3 Qg8 24. Qh6 c4 25. Rff3 cxd3 26. cxd3 Rd5 27. Be5 b4 28.
d4 c5 29. Rh4 Be2 30. Rfh3 Bh5 31. g4 cxd4 32. gxh5 gxh5+ 33. Rg3 d3 34. Qxh5 d2
35. Kf2 d1=N+ 36. Ke1 1-0

[Event "Amplico ch-EUR Rapid"]
[Site "Warsaw POL"]
[Date "2012.12.15"]
[Round "1.15"]
[White "Ogonowski, Jakub"]
[Black "Gajewski, Grzegorz"]
[Result "0-1"]
[BlackTitle "GM"]
[WhiteElo "1785"]
[BlackElo "2644"]
[WhiteFideId "1154761"]
[BlackFideId "1116207"]
[EventDate "2012.12.15"]

1. e4 c5 2. Nf3 e6 3. d4 cxd4 4. Nxd4 a6 5. Be3 Nf6 6. Nd2 d6 7. Be2 Be7 8. O-O
O-O 9. f4 b6 10. Bf3 Bb7 11. g4 Nfd7 12. g5 Nc6 13. h4 Nxd4 14. Bxd4 e5 15. Be3
f6 16. f5 fxg5 17. Rf2 gxh4 18. Rg2 Kh8 19. Be2 Nf6 20. Bd3 d5 21. Qf3 Bc5 22.
Kh1 dxe4 23. Nxe4 Nxe4 24. Bxe4 Bxe4 25. Qxe4 Bxe3 26. Qxe3 Rxf5 27. Rag1 Qd5
28. Kh2 Rg8 29. Qxb6 h3 30. Rg3 Qd2+ 31. Kxh3 Rh5+ 32. Kg4 Qf4+ 33. Kxh5 g6+ 34.
Rxg6 Qh2+ 0-1

[Event "Amplico ch-EUR Rapid"]
[Site "Warsaw POL"]
[Date "2012.12.15"]
[Round "1.17"]
[White "Pham, Juliusz"]
[Black "Krasenkow, Michal"]
[Result "0-1"]
[BlackTitle "GM"]
[WhiteElo "1783"]
[BlackElo "2628"]
[WhiteFideId "1160010"]
[BlackFideId "1113100"]
[EventDate "2012.12.15"]

1. e4 g6 2. d4 Bg7 3. Nc3 c6 4. Bc4 d6 5. Nf3 Nf6 6. O-O O-O 7. Bf4 b5 8. Bd3
Bg4 9. h3 Bxf3 10. Qxf3 b4 11. Ne2 Nbd7 12. Rad1 e5 13. dxe5 dxe5 14. Be3 Qe7
15. Nc1 Ne8 16. Nb3 a5 17. Nd2 Nc7 18. Nc4 Ne6 19. c3 Ndc5 20. Bb1 Rfb8 21. Rd6
Qb7 22. Rfd1 bxc3 23. bxc3 Qb5 24. Qe2 Na4 25. Bd3 Nxc3 26. Qc2 Nxd1 27. Qxd1
Nc5 28. Nxe5 Nxd3 29. Nxd3 Qc4 30. f3 Qxa2 31. Kh2 a4 32. Bc5 Rb1 33. Nc1 Be5+
34. Kg1 Bxd6 0-1

[Event "Amplico ch-EUR Rapid"]
[Site "Warsaw POL"]
[Date "2012.12.15"]
[Round "1.18"]
[White "Nyzhnyk, Illya"]
[Black "Chmielewska, Joanna"]
[Result "1-0"]
[WhiteTitle "GM"]
[WhiteElo "2637"]
[BlackElo "1782"]
[WhiteFideId "14118084"]
[BlackFideId "1136232"]
[EventDate "2012.12.15"]

1. d4 d5 2. c4 c6 3. Nf3 Nf6 4. Nc3 dxc4 5. a4 Bf5 6. e3 e6 7. Bxc4 Nbd7 8. O-O
Be7 9. Qe2 Bg6 10. e4 O-O 11. Rd1 Qc7 12. h3 Rfe8 13. Nh4 a6 14. Nxg6 hxg6 15.
Be3 c5 16. e5 Nh7 17. Rac1 Rac8 18. Ne4 Qb6 19. dxc5 Nxc5 20. Nd6 Bxd6 21. exd6
Nf6 22. d7 1-0

[Event "Amplico ch-EUR Rapid"]
[Site "Warsaw POL"]
[Date "2012.12.15"]
[Round "1.19"]
[White "Wysocki, Mieczyslaw"]
[Black "Tkachiev, Vladislav"]
[Result "0-1"]
[BlackTitle "GM"]
[WhiteElo "1778"]
[BlackElo "2650"]
[WhiteFideId "1174789"]
[BlackFideId "618438"]
[EventDate "2012.12.15"]

1. e4 d6 2. d4 g6 3. Nf3 Nf6 4. Bd3 Bg7 5. c3 O-O 6. O-O Nbd7 7. Bg5 h6 8. Bh4
e5 9. Nbd2 Re8 10. Qc2 g5 11. Bg3 Nh5 12. Nc4 exd4 13. Nxd4 Nc5 14. Rae1 Nf4 15.
Bxf4 gxf4 16. f3 Bd7 17. Be2 a5 18. Qd2 Qf6 19. Bd1 b5 20. Na3 b4 21. Nb1 Rab8
22. Bc2 bxc3 23. bxc3 Rb2 24. a3 Reb8 25. Re2 Bc8 26. Rfe1 Qg5 27. e5 Bd7 28.
exd6 cxd6 29. Re7 Be5 30. Rxd7 Bxd4+ 31. cxd4 Nxd7 32. Qd3 Nf6 33. Nc3 Rc8 34.
Re2 Kg7 35. Ne4 Nxe4 36. Qxe4 Rcxc2 37. Rxc2 Rb1+ 38. Kf2 Qh4+ 39. g3 Qxh2# 0-1

[Event "Amplico ch-EUR Rapid"]
[Site "Warsaw POL"]
[Date "2012.12.15"]
[Round "1.20"]
[White "Fedoseev, Vladimir3"]
[Black "Palka, Dominika"]
[Result "1-0"]
[WhiteTitle "GM"]
[WhiteElo "2514"]
[BlackElo "1778"]
[WhiteFideId "24130737"]
[BlackFideId "1153862"]
[EventDate "2012.12.15"]

1. d4 Nf6 2. c4 g6 3. Nc3 Bg7 4. e4 d6 5. f3 O-O 6. Be3 Nbd7 7. Nge2 c5 8. Qd2
a6 9. Rd1 Qa5 10. dxc5 Nxc5 11. Nd4 b5 12. cxb5 axb5 13. Bxb5 Ba6 14. a4 Rfc8
15. O-O Bb7 16. Rb1 Qb4 17. Rfd1 Nb3 18. Nxb3 Qxb3 19. Ne2 Rc2 20. Nd4 Rxd2 21.
Nxb3 Rxd1+ 22. Rxd1 1-0

[Event "Amplico ch-EUR Rapid"]
[Site "Warsaw POL"]
[Date "2012.12.15"]
[Round "1.22"]
[White "Miton, Kamil"]
[Black "Paczka, Patryk"]
[Result "1-0"]
[WhiteTitle "GM"]
[WhiteElo "2626"]
[BlackElo "1773"]
[WhiteFideId "1111914"]
[BlackFideId "1143336"]
[EventDate "2012.12.15"]

1. d4 Nf6 2. c4 g6 3. Nc3 Bg7 4. e4 d6 5. f3 O-O 6. Bg5 h6 7. Be3 e5 8. d5 c6 9.
Qd2 Kh7 10. Bd3 b5 11. dxc6 bxc4 12. Bxc4 Nxc6 13. Nge2 Be6 14. Bxe6 fxe6 15.
Rd1 d5 16. exd5 exd5 17. Nxd5 Nxd5 18. Qxd5 Qxd5 19. Rxd5 Nb4 20. Rd7 Nc2+ 21.
Kd2 Nxe3 22. Kxe3 h5 23. Rc1 Kg8 24. Rc6 Rf6 25. Rxf6 Bxf6 26. Nc3 Bg5+ 27. Kd3
Rd8 28. Rxd8+ Bxd8 29. Ke4 Bc7 30. Nd5 Bd6 31. Ne3 Kf7 32. Nc4 Bc7 33. Nxe5+ Kf6
34. f4 1-0

[Event "Amplico ch-EUR Rapid"]
[Site "Warsaw POL"]
[Date "2012.12.15"]
[Round "1.23"]
[White "Sliwicka, Alicja"]
[Black "Rapport, Richard"]
[Result "0-1"]
[WhiteTitle "WF"]
[BlackTitle "GM"]
[WhiteElo "1772"]
[BlackElo "2621"]
[WhiteFideId "1150677"]
[BlackFideId "738590"]
[EventDate "2012.12.15"]

1. e4 e6 2. d4 b6 3. g3 Bb7 4. Bg2 g6 5. Nc3 Bg7 6. Nge2 d6 7. O-O Ne7 8. Be3 a6
9. a4 Nd7 10. Qd2 h6 11. Kh1 Nf6 12. h3 Qd7 13. Rfd1 g5 14. Kg1 Rb8 15. f4 gxf4
16. Nxf4 Rg8 17. Kh2 Bh8 18. Rf1 Nc6 19. Rae1 e5 20. Nfe2 exd4 21. Nxd4 Ne5 22.
Nf5 h5 23. b3 Qd8 24. Bd4 Nfd7 25. Nd5 Bxd5 26. exd5 Qg5 27. Qxg5 Rxg5 28. h4 0-1

[Event "Amplico ch-EUR Rapid"]
[Site "Warsaw POL"]
[Date "2012.12.15"]
[Round "1.25"]
[White "Semonaviciute, Agne"]
[Black "Andriasian, Zaven"]
[Result "0-1"]
[BlackTitle "GM"]
[WhiteElo "1731"]
[BlackElo "2605"]
[WhiteFideId "12806811"]
[BlackFideId "13302000"]
[EventDate "2012.12.15"]

1. e4 c5 2. Nc3 d6 3. f4 Nc6 4. Nf3 g6 5. Bc4 Bg7 6. O-O Bd7 7. d3 Na5 8. Bb3
Nxb3 9. axb3 Bc6 10. Qe1 Nf6 11. e5 Nd5 12. Ne4 Nb4 13. Qe2 O-O 14. c3 Bxe4 15.
Qxe4 Nc6 16. d4 cxd4 17. cxd4 d5 18. Qe1 Qb6 19. Be3 Qxb3 20. Qd2 Rfc8 21. Ra3
Qb6 22. Rc1 e6 23. Rac3 Bf8 24. Qf2 Ne7 25. Rxc8 Rxc8 26. Rxc8 Nxc8 27. Qc2 Ne7
28. Bf2 a5 29. Ne1 Nc6 30. b3 Qb4 31. Qd1 Qc3 32. Nd3 Nxd4 33. Nc1 Qxc1 0-1

[Event "Amplico ch-EUR Rapid"]
[Site "Warsaw POL"]
[Date "2012.12.15"]
[Round "1.27"]
[White "Januszkiewicz, Wojciech"]
[Black "Rozentalis, Eduardas"]
[Result "0-1"]
[BlackTitle "GM"]
[WhiteElo "1766"]
[BlackElo "2602"]
[WhiteFideId "1125958"]
[BlackFideId "12800023"]
[EventDate "2012.12.15"]

1. e4 e6 2. d4 d5 3. Nc3 Nc6 4. e5 Nge7 5. f4 Nf5 6. Nf3 Bb4 7. a3 Ba5 8. Bb5
Bd7 9. Bxc6 Bxc3+ 10. bxc3 Bxc6 11. a4 O-O 12. O-O a5 13. Qe1 Re8 14. Bd2 Qd7
15. g4 Ne7 16. Qg3 Bxa4 17. Ra2 Bb5 18. Rfa1 b6 19. Nh4 Bc4 20. Ra3 Ng6 21. Nxg6
fxg6 22. Re1 Rf8 23. Raa1 Rf7 24. Re3 Raf8 25. Rf3 g5 26. Re1 gxf4 27. Rxf4 Rxf4
28. Bxf4 Qf7 29. Bd2 Qg6 30. Rc1 a4 31. h4 a3 32. h5 Qe4 33. Qg2 a2 34. Qxe4
dxe4 35. Ra1 Rf1+ 0-1

[Event "Amplico ch-EUR Rapid"]
[Site "Warsaw POL"]
[Date "2012.12.15"]
[Round "1.28"]
[White "Dziuba, Marcin"]
[Black "Powalka, Michal"]
[Result "1-0"]
[WhiteTitle "GM"]
[WhiteElo "2602"]
[BlackElo "1764"]
[WhiteFideId "1112953"]
[BlackFideId "1168304"]
[EventDate "2012.12.15"]

1. d4 Nf6 2. c4 g6 3. g3 Bg7 4. Bg2 O-O 5. Nc3 d6 6. Nf3 Nbd7 7. O-O e5 8. e4
Re8 9. h3 c6 10. Re1 exd4 11. Nxd4 Nc5 12. Qc2 h6 13. Be3 a5 14. Rad1 Qe7 15.
Nb3 Be6 16. e5 Bf5 17. exf6 Bxc2 18. fxe7 Bxd1 19. Nxc5 dxc5 20. Rxd1 Bxc3 21.
bxc3 Rxe7 22. Bf3 1-0

[Event "Amplico ch-EUR Rapid"]
[Site "Warsaw POL"]
[Date "2012.12.15"]
[Round "1.29"]
[White "Dadello, Andrzej"]
[Black "Kempinski, Robert"]
[Result "0-1"]
[BlackTitle "GM"]
[WhiteElo "1763"]
[BlackElo "2599"]
[WhiteFideId "1177370"]
[BlackFideId "1105663"]
[EventDate "2012.12.15"]

1. c4 g6 2. Nc3 Bg7 3. Nf3 Nf6 4. g3 d5 5. cxd5 Nxd5 6. Bg2 O-O 7. O-O Nc6 8. d4
Nb6 9. d5 Na5 10. e4 c6 11. Nd4 cxd5 12. exd5 e6 13. d6 Qxd6 14. Ndb5 Qe7 15.
Bf4 e5 16. Re1 a6 17. Na3 Nc6 18. Be3 Rd8 19. Qe2 Nd4 20. Bxd4 Rxd4 21. Rad1 Bg4
22. f3 Rxd1 23. Rxd1 Be6 24. Nc2 Rd8 25. Ne3 Rd4 26. Nc2 Rxd1+ 27. Qxd1 h5 28.
h3 h4 29. g4 Bh6 30. Kh1 Bf4 31. b3 Kg7 32. Ne2 Nd5 33. Nxf4 Nxf4 34. Ne3 Qc5 0-1

[Event "Amplico ch-EUR Rapid"]
[Site "Warsaw POL"]
[Date "2012.12.15"]
[Round "1.30"]
[White "Swiercz, Dariusz"]
[Black "Gumularz, Szymon"]
[Result "1-0"]
[WhiteTitle "GM"]
[WhiteElo "2627"]
[BlackElo "1762"]
[WhiteFideId "1126881"]
[BlackFideId "1188062"]
[EventDate "2012.12.15"]

1. e4 c5 2. Nf3 e6 3. d4 cxd4 4. Nxd4 a6 5. Bd3 Nf6 6. O-O Qc7 7. Qe2 d6 8. Nd2
g6 9. f4 Bg7 10. N2f3 O-O 11. Bd2 b6 12. Rae1 Bb7 13. Kh1 Nbd7 14. e5 dxe5 15.
fxe5 Nd5 16. c4 Ne7 17. Bg5 Rfe8 18. Qf2 Nf5 19. Bf4 Nxd4 20. Qxd4 Nc5 21. Bb1
Rad8 22. Qe3 a5 23. Nd4 Ba6 24. b3 Rd7 25. Bg5 Qxe5 26. Qxe5 Bxe5 27. Rxe5 Rxd4
28. Be3 Rd6 29. Bxc5 bxc5 30. Rxc5 Red8 31. Be4 a4 32. Kg1 Rb8 33. Bc2 Rd2 34.
Rf2 1-0

[Event "Amplico ch-EUR Rapid"]
[Site "Warsaw POL"]
[Date "2012.12.15"]
[Round "1.31"]
[White "Narva, Mai"]
[Black "Romanov, Evgeny"]
[Result "0-1"]
[BlackTitle "GM"]
[WhiteElo "1788"]
[BlackElo "2616"]
[WhiteFideId "4500512"]
[BlackFideId "4148843"]
[EventDate "2012.12.15"]

1. e4 c5 2. Nf3 a6 3. d4 cxd4 4. Nxd4 Nf6 5. Nc3 e5 6. Nb3 Bb4 7. Bd2 O-O 8. Bd3
Nc6 9. O-O Bxc3 10. Bxc3 d5 11. exd5 Nxd5 12. Qd2 Nde7 13. Rad1 Qc7 14. Rfe1 Bg4
15. f3 Bf5 16. Bxf5 Nxf5 17. Qg5 g6 18. f4 f6 19. Qh4 Nxh4 0-1

[Event "Amplico ch-EUR Rapid"]
[Site "Warsaw POL"]
[Date "2012.12.15"]
[Round "1.32"]
[White "Banusz, Tamas"]
[Black "Strojek, Kazimierz"]
[Result "1-0"]
[WhiteTitle "GM"]
[WhiteElo "2580"]
[BlackElo "1760"]
[WhiteFideId "722413"]
[BlackFideId "1126873"]
[EventDate "2012.12.15"]

1. c4 Nf6 2. Nf3 g6 3. g3 Bg7 4. Bg2 O-O 5. O-O d6 6. d4 Nc6 7. Nc3 Bf5 8. d5
Nb8 9. Nd4 Qd7 10. Nxf5 Qxf5 11. e4 Qd7 12. h3 Ne8 13. Be3 b6 14. f4 f5 15. g4
a6 16. a4 fxg4 17. hxg4 Nf6 18. g5 Nh5 19. Kh2 e5 20. dxe6 Qxe6 21. e5 c6 22.
Qxd6 Qxc4 23. Ne4 Ra7 24. Rac1 Qe2 25. Qd2 Qxd2 26. Bxd2 Rd7 27. Be3 c5 28. Nf6+
Bxf6 29. gxf6 Rd3 30. Rc3 Rfd8 31. Be4 Rd2+ 32. Bxd2 Rxd2+ 33. Kh3 Rxb2 34. Rd3
Kf7 35. Rd8 Rb3+ 36. Kh2 Rb2+ 37. Kg1 Ke6 38. Bd5+ Kf5 39. f7 1-0

[Event "Amplico ch-EUR Rapid"]
[Site "Warsaw POL"]
[Date "2012.12.15"]
[Round "1.33"]
[White "Cerniauskas, Markas"]
[Black "Neiksans, Arturs"]
[Result "0-1"]
[BlackTitle "GM"]
[WhiteElo "1760"]
[BlackElo "2534"]
[WhiteFideId "12809551"]
[BlackFideId "11601388"]
[EventDate "2012.12.15"]

1. d4 f5 2. Nh3 Nf6 3. g3 d6 4. Nf4 e5 5. dxe5 dxe5 6. Qxd8+ Kxd8 7. Nd3 Bd6 8.
Nc3 Nbd7 9. Bg2 e4 10. Nf4 Ne5 11. h4 c6 12. Be3 Kc7 13. O-O-O Bd7 14. Bh3 b6
15. Bd4 Rhe8 16. Bxe5 Bxe5 17. e3 Bxc3 18. bxc3 g6 19. Rd2 Be6 20. Nxe6+ Rxe6
21. h5 Rd8 22. hxg6 hxg6 23. Rhd1 Rxd2 24. Rxd2 Re7 25. c4 c5 26. a3 Rh7 27. Bg2
Ng4 28. f3 exf3 29. Bxf3 Nxe3 30. Bd5 Re7 31. Rh2 0-1

[Event "Amplico ch-EUR Rapid"]
[Site "Warsaw POL"]
[Date "2012.12.15"]
[Round "1.34"]
[White "Zhigalko, Andrey"]
[Black "Filimoniuk, Marcin"]
[Result "1-0"]
[WhiteTitle "GM"]
[WhiteElo "2589"]
[BlackElo "1752"]
[WhiteFideId "13502247"]
[BlackFideId "1144685"]
[EventDate "2012.12.15"]

1. e4 e6 2. d4 d5 3. Nd2 dxe4 4. Nxe4 Nf6 5. Nxf6+ gxf6 6. Nf3 c5 7. Be3 cxd4 8.
Nxd4 Bd7 9. Qh5 Nc6 10. O-O-O Qa5 11. Qxa5 Nxa5 12. Nb5 Bxb5 13. Bxb5+ Nc6 14.
Rd3 Rd8 15. Rc3 Rc8 16. Bxa7 Bd6 17. Rd1 Ke7 18. Be3 1-0

[Event "Amplico ch-EUR Rapid"]
[Site "Warsaw POL"]
[Date "2012.12.15"]
[Round "1.35"]
[White "Bucinskas, Lukas"]
[Black "Le Roux, Jean-Pierre"]
[Result "0-1"]
[BlackTitle "GM"]
[WhiteElo "1752"]
[BlackElo "2569"]
[WhiteFideId "12805874"]
[BlackFideId "609404"]
[EventDate "2012.12.15"]

1. d4 Nf6 2. c4 g6 3. Nc3 d5 4. cxd5 Nxd5 5. Nf3 Bg7 6. e3 O-O 7. Be2 c5 8. Nxd5
Qxd5 9. dxc5 Qxd1+ 10. Bxd1 Na6 11. c6 bxc6 12. O-O Nb4 13. Be2 Rb8 14. a3 Nc2
15. Rb1 Bf5 16. Nh4 Nd4 17. Nxf5 Nxe2+ 18. Kh1 gxf5 19. Bd2 Rfd8 20. Bb4 c5 21.
Ba5 Rd7 22. Rfe1 Rb5 23. b4 Nc3 24. Rbc1 Bf6 0-1

[Event "Amplico ch-EUR Rapid"]
[Site "Warsaw POL"]
[Date "2012.12.15"]
[Round "1.38"]
[White "Tomczak, Jacek"]
[Black "Adamczewski, Maciej"]
[Result "1-0"]
[WhiteTitle "GM"]
[WhiteElo "2558"]
[BlackElo "1751"]
[WhiteFideId "1124668"]
[BlackFideId "1148702"]
[EventDate "2012.12.15"]

1. e4 c5 2. Nf3 Nc6 3. d4 cxd4 4. Nxd4 Nf6 5. Nc3 e5 6. Ndb5 d6 7. a4 Be7 8. Bg5
a6 9. Na3 Be6 10. Bxf6 gxf6 11. Bc4 Nd4 12. Nd5 Rg8 13. c3 Nc6 14. Ne3 Qd7 15.
Bxe6 fxe6 16. Nac4 Qc7 17. Qh5+ Kd7 18. Qh3 Rae8 19. Nd5 Qb8 20. Ncb6+ Kd8 21.
Qxe6 1-0